000
00288nam a22001097a 4500
082
_a
621.395 COU'L
100
_a
COUGHLIN, ROBERT F
_9
78155
245
_a
LABORATORY MANUAL FOR INTEGRATED COMPUTER CIRCUITS
260
_a
NEW JERSY
_b
PRENTICE HALL
_c
1968
300
_a
XVI, 152P
942
_c
BK
999
_c
583315
_d
583315